| 000 | 02056nam a22002297a 4500 | ||
|---|---|---|---|
| 008 | 120823t xxu||||| |||| 00| 0 eng d | ||
| 020 | _a0195065727 | ||
| 050 | _aRG580. A44.A35 | ||
| 100 | _aFaden, Ruth | ||
| 245 |
_aAIDS, women and the next generation: towards a morally acceptable public policy for HIV testing for pregnant women and newborns. / _cRuth Faden |
||
| 260 |
_aNew York: _bOxford Univ.Press, _c1991. |
||
| 300 |
_axix, 374 p.: _c24cm. |
||
| 500 | _aIncludes index. | ||
| 505 | _aContents: Warrants for screening programs: Public health, legal and ethical frameworks -- Public health and medical issues: Public health and clinical aspects of HIV infection and disease in women and children in the United States -- A History of prenatal and newborn screening programs: Lessons for the future -- HIV infection and obstric care -- Maternal and newborn HIV Screening: implications for children and families -- Legal issues: Prenatal and newborn screening: state legislative approaches and current practice standards -- Legal issues in non-voluntary prenatal HIV screening -- Legal issues in voluntary screening for HIV infection inpregnant women -- Legal protections of confidential medical information and need for antidiscrimination laws -- Ethical and social issues: Screening newborns for HIV : ethical and legal aspects -- Ethical issues in HIV testing during pregnancy -- Informed consent of prenatal HIV testing -- Reproduction decision making in the context of HIV : the case for nondirective counseling -- Conclusion: HIV infection, pregnant woment and newborns: a policy proposal for information and testing. | ||
| 650 |
_aAIDS (Disease) in pregnancy _xDiagnosis _xGovernment policy _x United States. |
||
| 650 |
_aAIDS (Disease) in infants -- Diagnosis -- Government policy -- United States. _xAIDS (Disease) in infants _x Diagnosis _xGovernment policy |
||
| 650 |
_aHumans _x AIDS _x Policies _x Of _xGovernment. |
||
| 700 | _aFaden, Ruth R. | ||
| 700 | _aGeller, Gail | ||
| 700 | _aPowers, Madison | ||
| 942 |
_2lcc _cBK |
||
| 999 |
_c2149 _d9649 |
||